A Companion to Communication Skills in English : (Record no. 487)

000 -LEADER
fixed length control field 00676nam a2200205 a 4500
008 - FIXED-LENGTH DATA ELEMENTS--GENERAL INFORMATION
fixed length control field 190828s2012 ii ||||gd|||| 000 0 eng d
020 ## - INTERNATIONAL STANDARD BOOK NUMBER
International Standard Book Number 9788120346307
Terms of availability Rs. 250.00
040 ## - CATALOGING SOURCE
Original cataloging agency IMU Kochi Library
Language of cataloging eng
041 0# - LANGUAGE CODE
Language code of text/sound track or separate title eng
044 ## - COUNTRY OF PUBLISHING/PRODUCING ENTITY CODE
MARC country code India
082 04 - DEWEY DECIMAL CLASSIFICATION NUMBER
Edition number 23
Classification number 425
Item number M6875
100 1# - MAIN ENTRY--PERSONAL NAME
Personal name Mishra, J. K.
245 10 - TITLE STATEMENT
Title A Companion to Communication Skills in English :
Sub Title A Practical Approach to Improving Pronunciation /
260 ## - PUBLICATION, DISTRIBUTION, ETC. (IMPRINT)
Place of publication, distribution, etc New Delhi :
Name of publisher, distributor, etc PHI Learning Private Limited,
Date of publication, distribution, etc 2012
300 ## - PHYSICAL DESCRIPTION
Extent xvii, 185 p. ;
Dimensions 24 cm +
Accompanying material 1 CD-ROM
650 #0 - SUBJECT ADDED ENTRY--TOPICAL TERM
Topical term or geographic name as entry element English language
General subdivision Study and teaching
Form subdivision Textbooks
650 #0 - SUBJECT ADDED ENTRY--TOPICAL TERM
Topical term or geographic name as entry element English language
General subdivision Pronunciation
Form subdivision Textbooks
852 ## - LOCATION/CALL NUMBER
Location IMU Kochi Library
942 ## - ADDED ENTRY ELEMENTS (KOHA)
Item type Books
Holdings
Withdrawn status Lost status Source of classification or shelving scheme Damaged status Not for loan Collection code Permanent location Current location Shelving location Date acquired Source of acquisition Cost, normal purchase price Full call number Barcode Date last seen Koha item type Public note
          English IMU Kochi Library IMU Kochi Library General Stacks 2014-12-03 Current Books ( Inv. No.0983 dt 2014-11-24) 250.00 425 M6875 BK001160 2019-08-28 Books Gen. Shelf-7, Row-2
          English IMU Kochi Library IMU Kochi Library Staff Office 2014-12-03 Accompanying Material (free with textbook)   425 M6875 CD 001160CD 2020-09-14 Compact Disc Circulation Sec, Drawer No.4


Copyright © All Rights Reserved by Indian Maritime University, Kochi Campus.
For any Suggestions/Query Contact to library or Email: library.kochi@imu.ac.in Ph:(0484)-2989402
(Web OPAC Designed by Rudra Ranjan. Maintained by IMU Kochi Library)

Powered by Koha